000 00611cam a22001814a 4500
005 20250605164249.0
008 250528s ||||||||||||||||||||||||d
035 _a21663
040 _aGR-AtMCL
_bgre
_dGR-AtMCL
_eAACR2
245 1 _aΓΕΩΛΟΓΙΑ: ΕΞΕΛΙΞΗ ΤΗΣ ΓΗΣ, ΕΙΔΗ ΠΕΤΡΩΜΑΤΩΝ, ΙΔΙΟΤΗΤΕΣ ΚΑΙ ΟΡΥΚΤΑ ΠΟΥ ΤΑ ΣΥΝΘΕΤΟΥΝ
250 _a1
260 _bΑυτοεκδοση,
_c2012
700 1 _aΜαραγκος Αθανασιος
_97598
700 1 _aΜαραγκος Νικολαος
_97599
942 _cBK
999 _c6724
_d6724